[Event "Tenkes-Kupa A"]
[Site "Harkany HUN"]
[Date "2010.11.25"]
[Round "1"]
[White "Rousseau, Daniel"]
[Black "Posedaru, Bogdan"]
[Result "0-1"]
[WhiteElo "2077"]
[BlackElo "2294"]
[PlyCount "132"]
[GameId "2129405074134042"]
[EventDate "2010.11.25"]
[EventType "swiss"]
[EventRounds "9"]
[EventCountry "HUN"]
[SourceTitle "hb 2011"]

1. e4 c5 2. Nf3 Nc6 3. d4 cxd4 4. Nxd4 Qb6 5. Nb3 Nf6 6. Be3 Qc7 7. Nc3 e6 8. Be2 a6 9. O-O b5 10. a3 Be7 11. f4 d6 12. Bf3 O-O 13. Qe1 Rb8 14. Qg3 Re8 15. Kh1 Bf8 16. e5 dxe5 17. fxe5 Nxe5 18. Bf4 Nfd7 19. Rad1 f6 20. Ne4 Kh8 21. Nd4 Qb6 22. Bh5 Bb7 23. Bxe8 Rxe8 24. Bxe5 Nxe5 25. Ng5 h6 26. Ngf3 Bd6 27. Nxe5 Bxe5 28. Qh4 f5 29. c3 Be4 30. Qh5 Rf8 31. Qg6 Bf6 32. Nf3 Qe3 33. Rfe1 Qc5 34. Nd4 Qe7 35. Ne2 Bg5 36. Ng3 Rf6 37. Qh5 Bc6 38. Qe2 Bh4 39. Rf1 Rg6 40. Qe5 Qb7 41. Rf2 Kh7 42. Re2 Bf3 43. Rdd2 Bxe2 44. Rxe2 Qd7 45. Kg1 Qd1+ 46. Nf1 Bd8 47. Re1 Bb6+ 48. Kh1 Qg4 49. Re2 Qc4 50. Nd2 Qd3 51. h3 Bc7 52. Qe3 Qc2 53. Nf3 Qb1+ 54. Qg1 Qxg1+ 55. Kxg1 e5 56. Kf1 e4 57. Nd4 Bb6 58. Nc2 Rd6 59. Ke1 Kg6 60. Rd2 Rxd2 61. Kxd2 a5 62. a4 bxa4 63. Na3 f4 64. Nb5 Bc5 65. c4 Kf5 66. Ke2 Ke5 0-1

[Event "Tenkes-Kupa A"]
[Site "Harkany HUN"]
[Date "2010.11.26"]
[Round "2"]
[White "Frink, Ferenc"]
[Black "Rousseau, Daniel"]
[Result "1-0"]
[WhiteElo "2222"]
[BlackElo "2077"]
[PlyCount "45"]
[GameId "2129405074134043"]
[EventDate "2010.11.25"]
[EventType "swiss"]
[EventRounds "9"]
[EventCountry "HUN"]
[SourceTitle "hb 2011"]

1. e4 e5 2. f4 d5 3. exd5 e4 4. d3 Nf6 5. Nd2 exd3 6. Bxd3 Qxd5 7. Qe2+ Be7 8. Ngf3 O-O 9. Ne4 Nc6 10. Nc3 Qh5 11. Bd2 Bg4 12. O-O-O Rfe8 13. h3 Bxf3 14. Qxf3 Qxf3 15. gxf3 Nd4 16. Rdf1 Nh5 17. Rhg1 c6 18. Ne4 b5 19. Ng3 Nxg3 20. Rxg3 Bd6 21. Rg4 Re7 22. f5 Be5 23. c3 1-0

[Event "Tenkes-Kupa A"]
[Site "Harkany HUN"]
[Date "2010.11.27"]
[Round "3"]
[White "Vlasic, Nenad"]
[Black "Rousseau, Daniel"]
[Result "1-0"]
[WhiteElo "2222"]
[BlackElo "2077"]
[PlyCount "71"]
[GameId "2129405074134044"]
[EventDate "2010.11.25"]
[EventType "swiss"]
[EventRounds "9"]
[EventCountry "HUN"]
[SourceTitle "hb 2011"]

1. c4 Nf6 2. Nc3 g6 3. g3 Bg7 4. Bg2 O-O 5. e4 d6 6. Nge2 c5 7. O-O Nc6 8. d3 Ne8 9. Be3 Nc7 10. d4 cxd4 11. Nxd4 Ne5 12. b3 Ng4 13. Bc1 Ne6 14. Nde2 a6 15. h3 Ne5 16. f4 Nc6 17. Be3 Bd7 18. Qd2 b5 19. cxb5 axb5 20. Rad1 b4 21. Nd5 Ra6 22. f5 Nc5 23. Bh6 Rxa2 24. Qxa2 Bxh6 25. Qb2 Bg7 26. f6 exf6 27. Qc2 Be6 28. Nd4 Nxd4 29. Rxd4 f5 30. Rxb4 fxe4 31. Nf4 Qa5 32. Nxe6 Qxb4 33. Nxf8 Bxf8 34. Qc4 Qxc4 35. bxc4 Bg7 36. g4 1-0

[Event "Tenkes-Kupa A"]
[Site "Harkany HUN"]
[Date "2010.11.28"]
[Round "4"]
[White "Rousseau, Daniel"]
[Black "Zsirai, Peter"]
[Result "0-1"]
[WhiteElo "2077"]
[BlackElo "2000"]
[PlyCount "68"]
[GameId "2129405074134045"]
[EventDate "2010.11.25"]
[EventType "swiss"]
[EventRounds "9"]
[EventCountry "HUN"]
[SourceTitle "hb 2011"]

1. e4 c5 2. Nf3 d6 3. d4 cxd4 4. Nxd4 Nf6 5. Nc3 a6 6. Bg5 e6 7. f4 Nbd7 8. Qf3 Qc7 9. O-O-O b5 10. Bd3 Bb7 11. Rhe1 Be7 12. Qg3 h6 13. Bxf6 Bxf6 14. e5 dxe5 15. f5 exf5 16. Nxf5 O-O-O 17. Ne4 Bxe4 18. Bxe4 Nc5 19. Bd5 g6 20. Ne3 Bg5 21. Kb1 Rd7 22. c4 Rhd8 23. b3 bxc4 24. Bxc4 Ne4 25. Rxd7 Rxd7 26. Qh3 Nd2+ 27. Kb2 Qb6 28. Kc2 Bxe3 29. Qxe3 Nxc4 30. bxc4 Qa5 31. Ra1 Rd4 32. Kb3 Qb6+ 33. Kc3 Rxc4+ 34. Kd2 Rc2+ 0-1

[Event "Tenkes-Kupa A"]
[Site "Harkany HUN"]
[Date "2010.11.29"]
[Round "5"]
[White "Kincs, Imre"]
[Black "Rousseau, Daniel"]
[Result "0-1"]
[WhiteElo "2228"]
[BlackElo "2077"]
[PlyCount "98"]
[GameId "2129405074134046"]
[EventDate "2010.11.25"]
[EventType "swiss"]
[EventRounds "9"]
[EventCountry "HUN"]
[SourceTitle "hb 2011"]

1. d4 Nf6 2. Nf3 g6 3. c4 Bg7 4. Nc3 O-O 5. e4 d6 6. h3 c5 7. Be3 cxd4 8. Nxd4 Nc6 9. Qd2 Bd7 10. Be2 a6 11. O-O Rc8 12. Rad1 Re8 13. Nb3 Be6 14. f4 Na5 15. Nxa5 Qxa5 16. b3 b5 17. f5 Bd7 18. Bd4 b4 19. Bxf6 bxc3 20. Qxc3 Qxc3 21. Bxc3 Bxc3 22. g4 Rc5 23. Rd3 Be5 24. Bf3 Rb8 25. Rf2 a5 26. Kg2 a4 27. Bd1 Bc6 28. Kf3 Bf6 29. Kf4 h6 30. Re2 Bg5+ 31. Kg3 Re5 32. h4 Bc1 33. Rd4 axb3 34. axb3 Ra8 35. Bc2 Ba3 36. Kf4 Bc1+ 37. Kg3 Kg7 38. Rd1 Ba3 39. Ra1 Bb4 40. Rxa8 Bxa8 41. Kf4 Ra5 42. fxg6 fxg6 43. Kf3 Ra1 44. Kg2 Re1 45. Rxe1 Bxe1 46. h5 g5 47. Kf1 Bc3 48. Ke2 Kf6 49. Kd3 Bb4 0-1

[Event "Tenkes-Kupa A"]
[Site "Harkany HUN"]
[Date "2010.11.30"]
[Round "6"]
[White "Rousseau, Daniel"]
[Black "Marjanovic, Slavko"]
[Result "1-0"]
[WhiteElo "2077"]
[BlackElo "1966"]
[PlyCount "85"]
[GameId "2129405074134047"]
[EventDate "2010.11.25"]
[EventType "swiss"]
[EventRounds "9"]
[EventCountry "HUN"]
[SourceTitle "hb 2011"]

1. e4 e5 2. Nf3 Nc6 3. Bb5 a6 4. Ba4 d6 5. O-O Bd7 6. c3 g6 7. d4 Bg7 8. Bg5 Nge7 9. h3 h6 10. Be3 O-O 11. Nh2 g5 12. h4 Ng6 13. hxg5 hxg5 14. g3 Bf6 15. d5 Nb8 16. Bxd7 Nxd7 17. Ng4 Bg7 18. Qc1 f6 19. Bd2 Kf7 20. Ne3 Ne7 21. Qd1 Rh8 22. Kg2 Nc5 23. Qf3 Qd7 24. Ng4 Kg6 25. Na3 f5 26. exf5+ Qxf5 27. Qxf5+ Nxf5 28. Nc4 Rae8 29. Rh1 Nd3 30. b3 e4 31. Rxh8 Bxh8 32. Rh1 Bg7 33. Na5 b6 34. Nc6 Ne5 35. Ncxe5+ Bxe5 36. Nxe5+ Rxe5 37. c4 Re7 38. Bc3 e3 39. f3 Re8 40. Rh8 Re7 41. Rg8+ Kh6 42. Rf8 Kg6 43. Rf6+ 1-0

[Event "Tenkes-Kupa A"]
[Site "Harkany HUN"]
[Date "2010.12.01"]
[Round "7"]
[White "Szente Varga, Fruzsina"]
[Black "Rousseau, Daniel"]
[Result "0-1"]
[WhiteElo "1940"]
[BlackElo "2077"]
[PlyCount "58"]
[GameId "2129405074134048"]
[EventDate "2010.11.25"]
[EventType "swiss"]
[EventRounds "9"]
[EventCountry "HUN"]
[SourceTitle "hb 2011"]

1. e4 e5 2. d4 exd4 3. Qxd4 Nc6 4. Qe3 Bb4+ 5. Bd2 Qe7 6. a3 Bc5 7. Qd3 Nf6 8. Nc3 O-O 9. f3 Ne5 10. Qe2 d6 11. O-O-O c6 12. g4 b5 13. g5 Nfd7 14. f4 Nc4 15. Nb1 a5 16. h4 Ba6 17. Qg2 Ne3 18. Bxe3 Bxe3+ 19. Nd2 Bxf4 20. Nh3 Be5 21. h5 Nc5 22. g6 Na4 23. gxh7+ Kh8 24. b3 d5 25. Nb1 Nc3 26. Nxc3 Bxc3 27. Rd3 Qxa3+ 28. Kd1 Qa1+ 29. Ke2 Qe1+ 0-1

[Event "Tenkes-Kupa A"]
[Site "Harkany HUN"]
[Date "2010.12.02"]
[Round "8"]
[White "Rousseau, Daniel"]
[Black "Toth, Gergely"]
[Result "1-0"]
[WhiteElo "2077"]
[BlackElo "2158"]
[PlyCount "135"]
[GameId "2129405074134049"]
[EventDate "2010.11.25"]
[EventType "swiss"]
[EventRounds "9"]
[EventCountry "HUN"]
[SourceTitle "hb 2011"]

1. e4 c5 2. Nf3 d6 3. d4 cxd4 4. Nxd4 Nf6 5. Nc3 g6 6. Be2 Bg7 7. O-O Nc6 8. Nb3 O-O 9. Bg5 a5 10. a4 Be6 11. f4 Nb4 12. Kh1 Rc8 13. Bf3 Bc4 14. Re1 Qb6 15. Nd2 Rfe8 16. Nxc4 Rxc4 17. Qe2 Rc5 18. Bh4 Nh5 19. Bxh5 Rxh5 20. Bf2 Bd4 21. Bxd4 Qxd4 22. Nd1 Qf6 23. g3 Rb8 24. c3 Na6 25. Ne3 Rc5 26. Nd5 Qe6 27. Nb6 Nc7 28. Rad1 Re8 29. c4 Na6 30. Rd5 Rc6 31. Rb5 Nc7 32. Rb3 Rb8 33. Nd5 Na6 34. Rf3 Rc5 35. f5 Qe5 36. f6 e6 37. Ne7+ Kf8 38. Qd2 Qh5 39. Rf4 Qe5 40. b3 Nb4 41. Rh4 Qxf6 42. Qxd6 Qxe7 43. Qxb8+ Kg7 44. Rd1 g5 45. Rh3 Qf6 46. g4 Qf2 47. Qg3 Qc2 48. Qf3 Rc7 49. Rf1 Qb2 50. Rh5 Qe5 51. h4 h6 52. hxg5 hxg5 53. Rf2 Rd7 54. Kg2 Nd3 55. Qe3 f6 56. Rf1 Nf4+ 57. Rxf4 gxf4 58. Rxe5 fxe3 59. Rxe6 Rd3 60. Rb6 e2 61. Kf2 Re3 62. Ke1 Kg6 63. Rb5 Kh6 64. c5 Kg6 65. Rxa5 Rxb3 66. Kxe2 Kg5 67. Rb5 Ra3 68. c6+ 1-0

[Event "World op"]
[Site "Philadelphia USA"]
[Date "1993.07.29"]
[Round "1"]
[White "Rousseau, Daniel"]
[Black "Donovan, Larry"]
[Result "1-0"]
[WhiteElo "2197"]
[BlackElo "1721"]
[PlyCount "53"]
[GameId "2129405195799957"]
[EventDate "1993.??.??"]
[EventType "swiss"]
[EventRounds "9"]
[EventCountry "USA"]
[SourceTitle "hb 2011"]

1. e4 e5 2. Nf3 Nc6 3. Bb5 a6 4. Ba4 Nf6 5. O-O b5 6. Bb3 Be7 7. c3 Nxe4 8. Bd5 Nf6 9. Bxc6 dxc6 10. Nxe5 Bb7 11. d4 O-O 12. Bg5 Nd5 13. Bxe7 Qxe7 14. Nd3 Rad8 15. Nd2 f5 16. Re1 Qf6 17. Nf3 Rfe8 18. Qd2 h6 19. Re2 Rxe2 20. Qxe2 Qd6 21. Nfe5 Bc8 22. Qh5 Rf8 23. Re1 Nf6 24. Qg6 a5 25. Nxc6 Qxc6 26. Re7 Qxg2+ 27. Kxg2 1-0

[Event "World op"]
[Site "Philadelphia USA"]
[Date "1993.06.30"]
[Round "2"]
[White "Beckman, Thomas"]
[Black "Rousseau, Daniel"]
[Result "1/2-1/2"]
[WhiteElo "2189"]
[BlackElo "2197"]
[PlyCount "89"]
[GameId "2129405195799962"]
[EventDate "1993.??.??"]
[EventType "swiss"]
[EventRounds "9"]
[EventCountry "USA"]
[SourceTitle "hb 2011"]

1. c4 Nf6 2. g3 g6 3. Bg2 Bg7 4. Nc3 O-O 5. e4 d6 6. Nge2 Nc6 7. O-O a6 8. f4 Rb8 9. d4 Nd7 10. d5 Na5 11. b3 c6 12. Be3 c5 13. Qd2 b5 14. cxb5 axb5 15. Rae1 b4 16. Nd1 Ba6 17. Nb2 Nb6 18. Nd3 Na8 19. e5 Nc7 20. Nxc5 dxc5 21. Bxc5 Bxe2 22. Rxe2 Na6 23. Ba7 Rb5 24. Qd3 Qd7 25. Bf2 Nc7 26. Rd1 Rbb8 27. Rc2 Nb5 28. Bc5 Na3 29. Rcc1 Rfc8 30. Qd4 Nb7 31. Bxb4 Nc2 32. Qd2 Nxb4 33. Qxb4 Nd6 34. Rxc8+ Qxc8 35. Qd2 Nf5 36. Rc1 Qd8 37. Rc6 f6 38. d6 fxe5 39. fxe5 exd6 40. Qd5+ Kh8 41. exd6 Bd4+ 42. Kh1 Qg5 43. Qf3 Rd8 44. Bh3 Be5 45. Qd5 1/2-1/2

[Event "World op"]
[Site "Philadelphia USA"]
[Date "1993.07.01"]
[Round "3"]
[White "Rousseau, Daniel"]
[Black "Lin, AMT"]
[Result "0-1"]
[WhiteElo "2197"]
[BlackElo "2182"]
[PlyCount "58"]
[GameId "2129405195800017"]
[EventDate "1993.??.??"]
[EventType "swiss"]
[EventRounds "9"]
[EventCountry "USA"]
[SourceTitle "hb 2011"]

1. e4 Nc6 2. Nf3 d6 3. d4 Bg4 4. d5 Nb8 5. h3 Bh5 6. Qd3 a6 7. Be2 Nd7 8. g4 Bg6 9. Be3 h6 10. Nc3 Ngf6 11. O-O-O c6 12. dxc6 bxc6 13. Qc4 Qc8 14. Nh4 Bh7 15. f4 Nxe4 16. Nxe4 d5 17. Qa4 Bxe4 18. Bf3 Bxf3 19. Nxf3 e6 20. g5 hxg5 21. fxg5 Rb8 22. g6 Rb4 23. gxf7+ Kxf7 24. Ng5+ Kg8 25. Qa5 Nf6 26. a3 Rc4 27. Bd4 Bd6 28. Nf3 c5 29. Bc3 Bc7 0-1

[Event "World op"]
[Site "Philadelphia USA"]
[Date "1993.07.02"]
[Round "4"]
[White "Rousseau, Daniel"]
[Black "Flynn, James"]
[Result "1-0"]
[WhiteElo "2197"]
[BlackElo "2182"]
[PlyCount "75"]
[GameId "2129405195800045"]
[EventDate "1993.??.??"]
[EventType "swiss"]
[EventRounds "9"]
[EventCountry "USA"]
[SourceTitle "hb 2011"]

1. e4 e5 2. Nf3 Nc6 3. Bb5 a6 4. Ba4 Nf6 5. O-O Be7 6. Re1 b5 7. Bb3 d6 8. c3 Bg4 9. h3 Bh5 10. d3 Qd7 11. Nbd2 g5 12. Nf1 g4 13. hxg4 Bxg4 14. Ne3 Rg8 15. a4 b4 16. Kf1 O-O-O 17. Bc4 a5 18. Bb5 Kb7 19. Nc4 Qe6 20. d4 exd4 21. Bxc6+ Kxc6 22. Nxd4+ Kd7 23. Nxe6 Bxd1 24. Nxd8 Bc2 25. Nxa5 Bxd8 26. f3 Nh5 27. Be3 bxc3 28. bxc3 c5 29. Nb7 Bf6 30. Bd2 Bh4 31. e5 Bxe1 32. Rxe1 Bxa4 33. exd6 Ng3+ 34. Kf2 Kc6 35. Re7 Nf5 36. Rc7+ Kb6 37. Rxf7 Nh4 38. g3 1-0

[Event "World op"]
[Site "Philadelphia USA"]
[Date "1993.07.03"]
[Round "5"]
[White "Lardizabal, Robert"]
[Black "Rousseau, Daniel"]
[Result "1-0"]
[WhiteElo "2172"]
[BlackElo "2197"]
[PlyCount "87"]
[GameId "2129405195800063"]
[EventDate "1993.??.??"]
[EventType "swiss"]
[EventRounds "9"]
[EventCountry "USA"]
[SourceTitle "hb 2011"]

1. Nf3 Nf6 2. g3 g6 3. Bg2 Bg7 4. c4 O-O 5. Nc3 d6 6. O-O e5 7. d3 Nc6 8. Bg5 h6 9. Bd2 Be6 10. Qc1 Kh7 11. Nd5 Bxd5 12. cxd5 Ne7 13. e4 c5 14. h4 Qb6 15. Bh3 Qa6 16. Qc2 Ne8 17. Kg2 Qb6 18. Rab1 a5 19. Rh1 Qa6 20. a4 Qb6 21. b3 Nc7 22. Bc3 Na6 23. Qd2 Nb4 24. Bd7 Qc7 25. Bh3 Qd8 26. Rbd1 Kg8 27. Bb2 Nc8 28. Bc1 Na7 29. Qe2 Rb8 30. h5 g5 31. Nxg5 hxg5 32. h6 Bf6 33. Bf5 Qe7 34. Rh5 Kh8 35. h7 b5 36. Qg4 bxa4 37. bxa4 Na2 38. Bxg5 Bxg5 39. Rxg5 Qxg5 40. Qxg5 f6 41. Qg6 Nc8 42. Be6 Ne7 43. Qg4 Nb4 44. Rh1 1-0

[Event "World op"]
[Site "Philadelphia USA"]
[Date "1993.07.04"]
[Round "6"]
[White "Hughes, Bobby"]
[Black "Rousseau, Daniel"]
[Result "0-1"]
[WhiteElo "2030"]
[BlackElo "2197"]
[PlyCount "86"]
[GameId "2129405195800099"]
[EventDate "1993.??.??"]
[EventType "swiss"]
[EventRounds "9"]
[EventCountry "USA"]
[SourceTitle "hb 2011"]

1. Nf3 Nf6 2. g3 g6 3. Bg2 Bg7 4. O-O O-O 5. c4 d6 6. Nc3 e5 7. d3 Nc6 8. Rb1 h6 9. e3 Be6 10. Nd2 d5 11. cxd5 Nxd5 12. Nxd5 Bxd5 13. Bxd5 Qxd5 14. Qb3 Qxb3 15. Nxb3 Rfd8 16. Rd1 Rd5 17. Kf1 Rad8 18. Ke2 Nb4 19. e4 Rxd3 20. Rxd3 Nxd3 21. Bd2 c5 22. Bc3 c4 23. Na5 b5 24. Rd1 Rc8 25. b3 Nc5 26. f3 cxb3 27. axb3 Nxb3 28. Nxb3 Rxc3 29. Rd3 Rxd3 30. Kxd3 Bf8 31. Kc3 f6 32. f4 Kf7 33. Nd2 a5 34. Nf1 Bc5 35. Nd2 Bb4+ 36. Kc2 Bxd2 37. Kxd2 Ke7 38. Kc3 Kd6 39. Kb3 Kc5 40. Kc3 a4 41. h4 g5 42. hxg5 hxg5 43. Kd3 b4 0-1

[Event "World op"]
[Site "Philadelphia USA"]
[Date "1993.07.04"]
[Round "7"]
[White "Rousseau, Daniel"]
[Black "Vialet, Theodore"]
[Result "1-0"]
[WhiteElo "2197"]
[BlackElo "2150"]
[PlyCount "83"]
[GameId "2129405195800135"]
[EventDate "1993.??.??"]
[EventType "swiss"]
[EventRounds "9"]
[EventCountry "USA"]
[SourceTitle "hb 2011"]

1. e4 e5 2. Nf3 Nc6 3. Bb5 a6 4. Ba4 Nf6 5. O-O Be7 6. Re1 b5 7. Bb3 d6 8. c3 O-O 9. h3 Bb7 10. d4 Re8 11. Nbd2 Bf8 12. Ng5 Re7 13. f4 h6 14. Ngf3 exf4 15. e5 dxe5 16. dxe5 Nd5 17. Nf1 Rd7 18. Qe2 Bc5+ 19. Kh1 Qe7 20. Qe4 Nd8 21. Bc2 g6 22. Bb3 Kg7 23. Bxd5 Bxd5 24. Qxf4 g5 25. Qg4 Qe6 26. Qg3 Qg6 27. Be3 Ne6 28. Qf2 Bxe3 29. Nxe3 Nf4 30. Nxd5 Rxd5 31. Re3 Rad8 32. Nd4 c5 33. Nf3 Qe6 34. Kh2 Qf5 35. Qg3 Re8 36. Rf1 Nh5 37. Qe1 Nf4 38. a3 Qg6 39. Qg3 Red8 40. Nh4 Qe6 41. Rxf4 Kh7 42. Rf6 1-0

[Event "World op"]
[Site "Philadelphia USA"]
[Date "1993.07.05"]
[Round "8"]
[White "Mitchell, Arthur"]
[Black "Rousseau, Daniel"]
[Result "1/2-1/2"]
[WhiteElo "2151"]
[BlackElo "2197"]
[PlyCount "126"]
[GameId "2129405195800156"]
[EventDate "1993.??.??"]
[EventType "swiss"]
[EventRounds "9"]
[EventCountry "USA"]
[SourceTitle "hb 2011"]

1. e4 e5 2. Nc3 Nf6 3. f4 d5 4. fxe5 Nxe4 5. d3 Bb4 6. dxe4 Qh4+ 7. Ke2 Bxc3 8. bxc3 Bg4+ 9. Nf3 dxe4 10. Qd4 Bh5 11. Ke3 Bxf3 12. Bb5+ c6 13. gxf3 cxb5 14. Qxe4 Qe7 15. Rb1 a6 16. Kf2 Nc6 17. Re1 O-O 18. Bf4 Qe6 19. a4 bxa4 20. Rxb7 a3 21. Rb3 a2 22. Qa4 Qf5 23. Re4 g5 24. Bg3 h5 25. Ra3 Rac8 26. h4 g4 27. Rf4 Qd7 28. Rd4 Qa7 29. Rxa2 Rfd8 30. Qxa6 Qc5 31. Qc4 Nxd4 32. Qxc5 Rxc5 33. cxd4 Rxd4 34. fxg4 Rxg4 35. Ra3 Rxc2+ 36. Kf3 Rgc4 37. Be1 Rc1 38. Re3 Rc6 39. Kf4 Rg6 40. Kf5 Rc4 41. Bg3 Rgg4 42. Rf3 Kf8 43. Bf2 Ke7 44. Be3 Kd7 45. Bg5 Rxh4 46. Bxh4 Rxh4 47. Kg5 Rg4+ 48. Kxh5 Rg7 49. Rf6 Ke7 50. Ra6 Rg1 51. Kh4 Re1 52. Kg4 Rxe5 53. Kf3 Re6 54. Rxe6+ Kxe6 55. Ke4 f5+ 56. Kf4 Kf6 57. Kf3 Kg5 58. Kg3 f4+ 59. Kg2 Kf5 60. Kf2 Kf6 61. Kf1 Kf5 62. Kf2 Ke5 63. Kf3 Kf5 1/2-1/2

[Event "Budapest FS11 FM-A"]
[Site "Budapest"]
[Date "2010.11.06"]
[Round "1"]
[White "Rousseau, Daniel"]
[Black "Henrichsen, Jens"]
[Result "1-0"]
[WhiteElo "2077"]
[BlackElo "1949"]
[PlyCount "85"]
[GameId "1166653827096576"]
[EventDate "2010.11.06"]
[EventType "tourn"]
[EventRounds "11"]
[EventCountry "HUN"]
[SourceTitle "EXT 2011"]
[Source "ChessBase"]
[SourceDate "2011.11.26"]
[SourceVersion "1"]
[SourceVersionDate "2011.11.26"]
[SourceQuality "1"]

1. e4 c5 2. Nf3 d6 3. d4 cxd4 4. Nxd4 Nf6 5. Nc3 a6 6. Be2 e6 7. O-O Be7 8. f4 Qc7 9. Bf3 O-O 10. g4 Nc6 11. Nb3 Rb8 12. g5 Nd7 13. Bg2 b5 14. Qh5 g6 15. Qh6 Re8 16. Rf3 Bf8 17. Qh4 Bg7 18. Rh3 Nf8 19. e5 d5 20. Be3 Ne7 21. Nd4 b4 22. Nce2 a5 23. Rc1 Ba6 24. Ng3 a4 25. Nh1 Rec8 26. Qe1 a3 27. bxa3 bxa3 28. Nb3 Nd7 29. Nf2 Nf5 30. Bd2 Bf8 31. Ng4 Qb6+ 32. Kh1 Bc4 33. Be3 Qa6 34. Nd4 Bg7 35. Nxf5 exf5 36. Nf6+ Bxf6 37. gxf6 Be2 38. Qh4 h5 39. Qg5 Kh7 40. Bxd5 Rf8 41. Rg3 Bg4 42. Rxg4 fxg4 43. f5 1-0

[Event "Budapest FS11 FM-A"]
[Site "Budapest"]
[Date "2010.11.07"]
[Round "2"]
[White "Krizsany, Laszlo Sr"]
[Black "Rousseau, Daniel"]
[Result "0-1"]
[WhiteElo "1961"]
[BlackElo "2077"]
[PlyCount "64"]
[GameId "1166653827117056"]
[EventDate "2010.11.06"]
[EventType "tourn"]
[EventRounds "11"]
[EventCountry "HUN"]
[SourceTitle "EXT 2011"]
[Source "ChessBase"]
[SourceDate "2011.11.26"]
[SourceVersion "1"]
[SourceVersionDate "2011.11.26"]
[SourceQuality "1"]

1. d4 Nf6 2. c4 g6 3. Nc3 Bg7 4. e4 d6 5. f3 O-O 6. Be3 Nc6 7. Qd2 Re8 8. Nge2 a6 9. g4 Rb8 10. Ng3 e5 11. d5 Nd4 12. Be2 c5 13. h4 Qa5 14. g5 Nd7 15. Kf2 b5 16. cxb5 axb5 17. Rhb1 b4 18. Nd1 Qd8 19. b3 Rf8 20. Nb2 f6 21. Kg2 Nb6 22. Rh1 Ra8 23. Bxd4 exd4 24. Bd3 fxg5 25. hxg5 Qe7 26. f4 Ra3 27. Rh2 Qa7 28. Rah1 Rxa2 29. Rxh7 Qa3 30. Rxg7+ Kxg7 31. Rb1 Qxb3 32. f5 Na4 0-1

[Event "Budapest FS11 FM-A"]
[Site "Budapest"]
[Date "2010.11.08"]
[Round "3"]
[White "Rousseau, Daniel"]
[Black "Koczo, Kristof"]
[Result "1-0"]
[WhiteElo "2077"]
[BlackElo "2187"]
[PlyCount "77"]
[GameId "1166653827141632"]
[EventDate "2010.11.06"]
[EventType "tourn"]
[EventRounds "11"]
[EventCountry "HUN"]
[SourceTitle "EXT 2011"]
[Source "ChessBase"]
[SourceDate "2011.11.26"]
[SourceVersion "1"]
[SourceVersionDate "2011.11.26"]
[SourceQuality "1"]

1. e4 c6 2. d4 d5 3. Nc3 dxe4 4. Nxe4 Nd7 5. Bc4 Ngf6 6. Ng5 Nd5 7. N1f3 h6 8. Ne4 N7b6 9. Be2 Bf5 10. Ng3 Bh7 11. a3 e6 12. c4 Nf6 13. Be3 Be7 14. h3 O-O 15. O-O c5 16. dxc5 Qxd1 17. Rfxd1 Na4 18. b4 Nc3 19. Rdc1 Nfe4 20. Bf1 Nxg3 21. fxg3 Ne4 22. Kh2 a5 23. Rd1 Bf6 24. Bd4 Bxd4 25. Nxd4 Rfd8 26. Nb5 Nd2 27. Nd6 Nb3 28. Nxb7 Rdb8 29. c6 Nxa1 30. c7 Rf8 31. b5 Nc2 32. Rd8 Ne3 33. Be2 Nf5 34. b6 Ne7 35. Rxa8 Rxa8 36. Nd6 Rf8 37. b7 Nc6 38. c8=Q Nb8 39. c5 1-0

[Event "Budapest FS11 FM-A"]
[Site "Budapest"]
[Date "2010.11.10"]
[Round "5"]
[White "Heyl, Thomas"]
[Black "Rousseau, Daniel"]
[Result "1-0"]
[WhiteElo "2042"]
[BlackElo "2077"]
[PlyCount "99"]
[GameId "1166653827186688"]
[EventDate "2010.11.06"]
[EventType "tourn"]
[EventRounds "11"]
[EventCountry "HUN"]
[SourceTitle "EXT 2011"]
[Source "ChessBase"]
[SourceDate "2011.11.26"]
[SourceVersion "1"]
[SourceVersionDate "2011.11.26"]
[SourceQuality "1"]

1. d4 Nf6 2. Nf3 g6 3. Bg5 Bg7 4. Nbd2 O-O 5. e3 c5 6. c3 b6 7. Bxf6 exf6 8. dxc5 bxc5 9. Nb3 d6 10. Qd5 Qc7 11. Qxa8 Nc6 12. Na5 Nxa5 13. Qe4 Bf5 14. Qa4 Rb8 15. b3 Bd7 16. Qf4 g5 17. Qg3 g4 18. Nh4 f5 19. Rc1 Be5 20. f4 Bf6 21. h3 Re8 22. hxg4 fxg4 23. Bd3 c4 24. Bxh7+ Kf8 25. b4 Nb7 26. Kf2 d5 27. Nf5 Bxf5 28. Bxf5 Nd6 29. Qxg4 Rd8 30. Rh6 Bg7 31. Rh7 Bf6 32. Qh5 Qc6 33. Rh8+ Ke7 34. Rxd8 Kxd8 35. Qh7 Ke7 36. g4 Kf8 37. Qh6+ Bg7 38. Qg5 Nb7 39. Bb1 d4 40. exd4 Qd6 41. Rd1 Bh6 42. Qe5 Bxf4 43. Qxd6+ Nxd6 44. a4 Ke7 45. Ke2 Kf6 46. Rh1 Nc8 47. Rh5 Bg5 48. Be4 Nd6 49. Bc6 Kg6 50. Rh8 1-0

[Event "Budapest FS11 FM-A"]
[Site "Budapest"]
[Date "2010.11.11"]
[Round "6"]
[White "Rousseau, Daniel"]
[Black "Tessedik, Karoly"]
[Result "1-0"]
[WhiteElo "2077"]
[BlackElo "1993"]
[PlyCount "59"]
[GameId "1166653827223552"]
[EventDate "2010.11.06"]
[EventType "tourn"]
[EventRounds "11"]
[EventCountry "HUN"]
[SourceTitle "EXT 2011"]
[Source "ChessBase"]
[SourceDate "2011.11.26"]
[SourceVersion "1"]
[SourceVersionDate "2011.11.26"]
[SourceQuality "1"]

1. e4 c5 2. Nf3 e6 3. d4 cxd4 4. Nxd4 a6 5. Bd3 Qc7 6. O-O Nf6 7. Nc3 Nc6 8. Nb3 b5 9. Be3 g6 10. f4 Bb7 11. e5 Nh5 12. Ne4 Nb4 13. Nec5 Nd5 14. Bd4 d6 15. Nxb7 Qxb7 16. Be4 dxe5 17. Bxe5 f6 18. Bd4 Kf7 19. f5 exf5 20. Rxf5 Rd8 21. Rf2 Qe7 22. Qf3 Qe6 23. Raf1 Be7 24. g3 Rhe8 25. Re2 Qd7 26. Rd2 Qe6 27. Bf2 Ndf4 28. gxf4 Rxd2 29. Nxd2 Rd8 30. Nb3 1-0

[Event "Budapest FS11 FM-A"]
[Site "Budapest"]
[Date "2010.11.12"]
[Round "7"]
[White "Farkas, Richard"]
[Black "Rousseau, Daniel"]
[Result "0-1"]
[WhiteElo "2005"]
[BlackElo "2077"]
[PlyCount "78"]
[GameId "1166653827227648"]
[EventDate "2010.11.06"]
[EventType "tourn"]
[EventRounds "11"]
[EventCountry "HUN"]
[SourceTitle "EXT 2011"]
[Source "ChessBase"]
[SourceDate "2011.11.26"]
[SourceVersion "1"]
[SourceVersionDate "2011.11.26"]
[SourceQuality "1"]

1. e4 e5 2. Nf3 Nc6 3. Bb5 a6 4. Bxc6 dxc6 5. O-O Qd6 6. d4 exd4 7. Nxd4 c5 8. Nb3 Bd7 9. e5 Qg6 10. Qd3 Qxd3 11. cxd3 Bb5 12. Rd1 O-O-O 13. d4 Ba4 14. d5 c4 15. Nc3 Bd7 16. Nd2 b5 17. a4 Kb7 18. Nde4 b4 19. Ne2 Be6 20. Nf4 Bf5 21. f3 h6 22. g4 Bxe4 23. fxe4 Bc5+ 24. Kg2 g5 25. Nh5 Ne7 26. Rf1 Ng6 27. Rxf7 Nxe5 28. Rf5 Bd4 29. Ng7 Rd6 30. Ne6 Rxe6 31. dxe6 Re8 32. Be3 Bxe3 33. Rxe5 Bd4 34. Rf5 Rxe6 35. Rd1 Bxb2 36. Rc5 Rc6 37. Rdd5 b3 38. e5 Bxe5 39. Rxe5 b2 0-1